Derecho del mercado de capitales.

Salvato in:
Dettagli Bibliografici
Autore principale: Novoa Galán, Raúl (autor)
Altri autori: Novoa Muñoz, Gabriela (autora)
Natura: Libro
Lingua:spagnolo
Pubblicazione: Santiago, Chile Jurídica de Chile, 1995.
Soggetti:
Tags: Aggiungi Tag
Nessun Tag, puoi essere il primo ad aggiungerne!!

MARC

LEADER 00000nam a2200000 a 4500
001 UCZ6985
003 CL-VaPUC
005 20220907123534.0
008 951222e19950000CL |||||||||||||||||spa|d
999 |c 243120  |d 243118 
020 |a 950-10-1101-8 
040 |c Pontificia Universidad Católica de Valparaíso 
082 0 4 |a 346.09 NOV 1995  |2 21 
100 |a Novoa Galán, Raúl  |e autor  |9 761779 
245 1 0 |a Derecho del mercado de capitales.  
260 |a Santiago, Chile  |b Jurídica de Chile,  |c 1995. 
300 |a 197 páginas.  
500 |a c.2 Donación Familia Prof. Alejandro Guzmán Brito. 
583 |a last modification  |c 19951222 00:00:00  |k Rodrigo Vera 
650 0 |a Economía   |9 255568  |x Derecho 
650 0 |a Mercado de capitales  |9 330596  |x Legislación  
650 0 |a Derecho comercial   |9 256340 
700 0 |a Novoa Muñoz, Gabriela  |e autora  |9 351649 
942 |c BK  |2 ddc  |n 0 
945 |d 19951222 00:00:00  |a rleighto 
952 |0 0  |1 0  |4 0  |6 346_090000000000000_NOV_1995  |7 0  |8 A  |9 256554  |a BIBDER  |b BIBDER  |d 2019-11-19  |i 3157040  |o 346.09 NOV 1995  |p 3157040  |r 2023-01-25  |w 2019-11-19  |y BK  |k DER 
952 |0 0  |1 0  |2 ddc  |4 0  |6 346_090000000000000_NOV_1995  |7 1  |8 C_AGB  |9 580955  |a BIBDER  |b BIBDER  |d 2022-01-28  |e Donación   |i 5643007  |o 346.09 NOV 1995  |p 5643007  |r 2023-01-25  |t 2  |w 2022-01-28  |y BK_US  |k AGB